| 000 | 00584nam a2200169Ia 4500 | ||
|---|---|---|---|
| 005 | 20250508160023.0 | ||
| 008 | 008 250505s9999 xx 000 0 eng d | ||
| 037 | _aBooks to be hide in OPAC | ||
| 040 |
_aFEDL _beng _cFEDL |
||
| 041 |
_aeng _2eng |
||
| 084 |
_a378.429, GRE/O _qFEDL |
||
| 245 | 0 | _aAppendix to final report of the commissioners : Minutes of evidence March, 1917 - June, 1917; with appendices and index | |
| 260 |
_aLondon, UK _bHis Majesty's Stationery Office _c1918 |
||
| 300 | _a259p. | ||
| 942 |
_cHB _h378.429, GRE/O |
||
| 999 |
_c1361098 _d1361098 |
||